Une capitale d'un pays par lettre de l'alphabet : - Statistiques

Statistiques générales
  • Ce quiz a été pris 476 fois
  • Le résultat moyen est 18 sur 24
Statistiques - réponses
Pays : Sa capitale : % Correct
Grèce Athènes
99%
France Paris
96%
Angleterre Londres
94%
Italie Rome
94%
Japon Tokyo
93%
États-Unis Washington
93%
Ukraine Kiev
91%
Canada Ottawa
90%
Corée du Sud Séoul
87%
Pologne Varsovie
87%
Croatie Zagreb
85%
Israël Jérusalem
84%
Écosse Édimbourg
78%
Irak Bagdad
76%
Philipines Manille
70%
Syrie Damas
69%
Équateur Quito
68%
Kenya Nairobi
64%
Pakistan Islamabad
63%
Pays de Galles Cardiff
62%
Côte d'Ivoire Yamoussoukro
49%
Sierra Leone Freetown
47%
Zimbabwe Harare
39%
Botswana Gaborone
34%
Aucun quiz correspondant
Distribution des résultats
% des personnes avec chaque résultat
Percentile par nombre de réponses
Votre historique - résultats
Vous n’avez pas pris ce quiz